000 04049nam a2200889 a 4500
005 20250421162658.0
008 141121t2014||||sp a f |||| 001 0 spa d
020 _a9788490221105
041 _aspa
092 _c362.1
_l51
_sMAR
100 1 _aMartín Zurro, A.
_91479
245 _aAtención Primaria.
_bProblemas de salud en la consulta de Medicina de Familia /
_cA. Martín Zurro
250 _a7a ed.
260 _aBarcelona:
_bElsevier;
_c2014.
300 _a1032 p.
500 _aMartín Zurro, A., Cano Pérez, J. F. y Gené Badia, J. (Col.). (2014). Atención Primaria. Problemas de salud en la consulta de Medicina de Familia. (7a ed.). Barcelona : Elsevier.
653 _aParte I: Promoción y prevención: Actividades de prevención y promoción de la salud en la infancia y la adolescencia
653 _aActividades de prevención y promoción de la salud en el adulto
653 _aInmunizaciones
653 _aPlanificación familiar. Esterilidad
653 _aEmbarazo
653 3 _aLa alimentación y sus alteraciones
653 _aParte II: Factores de riesgo: Las desigualdades sociales en salud
653 _aHipertensión arterial
653 _aDislipidemias
653 _aObesidad. Sindrome metabólico
653 _aDiabetes mellitus
653 _aTabaquismo, alcoholismo y otras drogodependencias
653 _aRiesgos medioambientales y laborales
653 _aParte III: Problemas de salud en la consulta.Trastornos cardiovasculares
653 _aEnfermedades respiratorias
653 _aTrastornos de salud mental
653 _aTrastornos de la sexualidad
653 _aTrastornos de salud en la mujer
653 3 _aEl paciente con cáncer
653 _aAtención a situaciones de violencia en atención primaria
653 _aTrastornos nefrourológicos
653 _aInfecciónes de transmisión sexual e infección por virus de inmunodeficiencia humana
653 _aInfecciones frecuentes en atención primaria
653 _aPatología osteoarticular
653 _aAtención traumatológica
653 _aNeurología
653 _aRehabilitación
653 _aTrastornos del aparato digestivo
653 _aTrastornos hematológicos
653 _aPatología tiroidea. Alteraciones del calcio
653 _aTrastornos de la piel
653 _aProblemas otorrinolaringológicos
653 _aTrastornos oftalmológicos
653 _aPatología de la cavidad oral
653 _aCirugía en atención primaria
653 _aProblemas de salud en la infancia y adolescencia
653 _aCrecimiento y desarrollo
653 3 _aEl paciente con multimorbilidad. Atención al enfermo anciano
653 _aAtención paliativa en enfermedad avanzada irreversible
653 _aElementos básicos en atención domiciliaria
653 _aIntoxicaciones agudas
653 _aIndice de anexos: Valores normales de laboratorio y nomogramas
653 _aTablas estadísticas
653 _aIndicadores del diagnóstico de salud comunitaria para zonas pequeñas
653 _aEmbarazo y orientación familiar
653 _aModelos de dietas
653 _aEnfermedades centinela, ocupaciones y agentes causales relacionados
653 _aFármacos para el dolor osteomuscular
653 _aFármacos en pediatría
653 _aCrecimiento y desarrollo
653 _aCuestionarios de salud
653 _aTratamiento farmacológico de los síntomas en el enfermo terminal (orden alfabético)
653 _aConsentimiento informado para el paciente: determinación del PSA como prueba de detección del cáncer de prostata
653 _aEscalas de valoración clínica de la disfunsión toroidea
653 _aInstrumentos NECPAL-CCOMS (necesidades paliativas)
653 _aEstadificación de las úlceras por presión
653 _aTabla de Liund y Browder para el cálculo de la superficie quemada en menores de 15 años
700 1 _aCano Pérez, J. F.
_91480
700 1 _aGené Badia, J.
_93676
942 _2ddc
_cBK
999 _c2115
_d2115